| 000 | 00460cam a2200169 4500 | ||
|---|---|---|---|
| 001 | M94842 | ||
| 008 | 090401t1935 xxu||||| |||| 00| 0 eng d | ||
| 035 | _a(Sirsi) u89479 | ||
| 041 | _aeng | ||
| 110 |
_aSurvey of India _92931 |
||
| 245 | _aSurvey of India general report 1934. From 1st October 1933 to 30th September 1934.... | ||
| 260 |
_bSurvey of India _c1935 |
||
| 300 | _a72p. : ill.,maps ; 25cm. | ||
| 350 | _a0 | ||
| 942 | _n0 | ||
| 948 | _c04/11/1998 | ||
| 999 |
_c97464 _d97464 |
||